Prussia Quiz - Statistics

General Stats
  • This quiz has been taken 331 times
  • The average score is 10 of 17
Answer Stats
Hint Answer % Correct
"Iron Chancellor" who united Germany by 1871 Otto von Bismarck
84%
Capital from 1701 on Berlin
79%
German emperor and last king of Prussia Wilhelm II.
78%
"Enlightened monarch" who made Prussia a major European power Frederick the Great
75%
Order that took over the Baltic region of Prussia around 1230 Teutonic {Knights}
73%
Former capital of Prussia, known today as Kaliningrad Königsberg
69%
German name Preußen
67%
Province that was invaded and seized from Austria in 1740 (it now belongs to Poland) Silesia
67%
1756-1763 conflict with Austria and France Seven Years' War
60%
All Prussian kings belonged to this royal house Hohenzollern
58%
The same monarch ordered the cultivation of this New World vegetable, despite farmers' dobuts Potato
57%
Prussia was officially abolished in this year 1947
48%
Spiked helmet worn by many militarymen, including mentioned chancellor {Pickel}haube
47%
Philosopher ("Critique of Pure Reason") who spent his whole life in mentioned city Immanuel Kant
42%
French protestants who found refuge in Prussia in the 17th century Huguenots
38%
Struggle or clash between Prussians and other Germans, or Protestants and Catholics Kultur{kampf}
35%
Name either of the two Bundesliga teams whose names derive from Prussia Borussia Dortmund, Borussia Mönchengladbach
21%
No matching quizzes found
Score Distribution
Percent of People with Each Score
Percentile by Number Answered
Your Score History
You have not taken this quiz